| 000 | 03460nam a2200445 a 4500 | ||
|---|---|---|---|
| 005 | 20091219103029.0 | ||
| 008 | 080508s2008 ctua 000 0 eng | ||
| 010 | _aG-001725 | ||
| 020 |
_a9788176558488 _c150.00 |
||
| 020 |
_a81765584886 _c150.00 |
||
| 035 | _aB-389587-600 | ||
| 035 | _aG-001725 | ||
| 037 | _bScholastic | ||
| 040 |
_adpl _bEnglish |
||
| 082 | _aS | ||
| 100 |
_aAnupa Lal _935238 |
||
| 245 |
_aTales from the Arabian Nights / _cby Anupa Lal |
||
| 260 |
_aGurgaon _bScholastic _c2009(repr.). |
||
| 270 |
_aGolf View Corporate Tower-A, 3rd Floor, DLF Phase-V, _bGurgaon _e122002 |
||
| 300 |
_aix, 148p. _c20cm(pbk) |
||
| 520 | _aCollects anecdotes from teenagers about friendship, peer pressure, self-acceptance, family life, relationships, and overcoming obstacles. | ||
| 942 |
_2ddc _cCH _mANU _hS |
||
| 999 |
_c33245 _d33245 |
||